[Event "Wch U12 Girls"]
[Site "Batumi"]
[Date "2022.09.23"]
[Round "7"]
[White "Shin, Chaeyoon"]
[Black "Deysel, Hannah"]
[Result "1/2-1/2"]
[WhiteElo "1062"]
[BlackElo "1036"]
[PlyCount "87"]
[EventDate "2022.09.16"]
[EventType "swiss"]
[EventRounds "11"]
[EventCountry "GEO"]
[SourceTitle "EXT 2023"]
[Source "ChessBase"]
[SourceDate "2022.10.05"]
[SourceVersion "1"]
[SourceVersionDate "2022.10.05"]
[SourceQuality "1"]

1. e4 c5 2. d4 cxd4 3. c3 dxc3 4. Nxc3 a6 5. Nf3 e6 6. Bc4 Qc7 7. Bb3 b5 8. 0-0 Bb7 9. a3 Nc6 10. Qe2 d6 11. Rd1 Nf6 12. Re1 Ng4 13. h3 Nge5 14. Nxe5 Nxe5 15. Bf4 Ng6 16. Bh2 Be7 17. Rac1 Qb6 18. Na2 0-0 19. Qe3 Qd8 20. Qe2 Bg5 21. Rcd1 d5 22. exd5 exd5 23. Qh5 h6 24. Nb4 Re8 25. Rxe8+ Qxe8 26. Bg3 Rc8 27. Bxd5 Bxd5 28. Nxd5 Rc1 29. Rxc1 Bxc1 30. Nc7 Qe1+ 31. Kh2 Nf4 32. Qf3 Qd2 33. Nxa6 Ne2 34. Qa8+ Kh7 35. Qe4+ g6 36. Qf3 h5 37. Qxf7+ Kh6 38. Qf8+ Kg5 39. Qe7+ Kh6 40. Qf8+ Kh7 41. Qf7+ Kh6 42. Qf8+ Kg5 43. Qe7+ Kh6 44. Qf8+ 1/2-1/2

[Event "Wch U12 Girls"]
[Site "Batumi"]
[Date "2022.09.17"]
[Round "2"]
[White "Sordia, Marta"]
[Black "Shin, Chaeyoon"]
[Result "1-0"]
[WhiteElo "1363"]
[BlackElo "1062"]
[PlyCount "63"]
[EventDate "2022.09.16"]
[EventType "swiss"]
[EventRounds "11"]
[EventCountry "GEO"]
[SourceTitle "EXT 2023"]
[Source "ChessBase"]
[SourceDate "2022.10.05"]
[SourceVersion "1"]
[SourceVersionDate "2022.10.05"]
[SourceQuality "1"]

1. e4 d5 2. exd5 Qxd5 3. Nc3 Qa5 4. d4 Nf6 5. Bc4 c6 6. Nge2 Bf5 7. 0-0 e6 8. Ng3 Bg6 9. f4 h6 10. f5 exf5 11. Qe2+ Be7 12. Re1 Qd8 13. Kh1 Ne4 14. Ngxe4 fxe4 15. Nxe4 0-0 16. c3 Nd7 17. Ng3 Bh4 18. Qg4 Nb6 19. Bb3 Kh8 20. Rf1 h5 21. Nxh5 Rc8 22. Bxf7 Qd6 23. Qxh4 Bh7 24. Bf4 Qd7 25. Bb3 c5 26. Be5 Rxf1+ 27. Rxf1 c4 28. Bxg7+ Kg8 29. Nf6+ Kxg7 30. Qxh7+ Kf8 31. Nxd7+ Ke8 32. Rf8# 1-0